Logo BPK

Biblioteka

Politechniki Koszalińskiej

Technika w chowie bydła : (Rekord nr 54981)

Szczegóły MARC
000 -ETYKIETA REKORDU
podpole kontrolne o stałej długości 00939nam a2200265 i 4500
001 - NUMER KONTROLNY REKORDU
pole kontrolne bg
015 ## - NUMER BIBLIOGRAFII NARODOWEJ
Numer bibliografii narodowej PB 19411/2007
020 ## - MIĘDZYNARODOWY ZNORMALIZOWANY NUMER KSIĄŻKI - ISBN
ISBN 8389806169
040 ## - ŹRÓDŁO KATALOGOWANIA
Instytucja, która utworzyła rekord BPK
041 ## - KOD JĘZYKA
Kod języka tekstu pol
044 ## - KOD KRAJU WYDAWCY/PRODUCENTA
Kod kraju wydawcy/producenta POL
080 ## - UNIWERSALNA KLASYFIKACJA DZIESIĘTNA - UKD
UKD 636(038)=162.1
920 ## - Międzynarodowy znormalizowany numer książki – ISBN
ISBN 83-89806-16-9
008 - POLE O STAŁEJ DŁUGOŚCI - DANE KONTROLNE
podpole kontrolne o stałej długości 070831s2006 pl a |000 0 pol
100 1# - NAZWA OSOBOWA
Nazwa osobowa Fiedorowicz, Grzegorz
Daty związane z nazwą (1931- ).
245 10 - TYTUŁ/ODPOWIEDZIALNOŚĆ
Tytuł Technika w chowie bydła :
Ciąg dalszy tytułu terminologia : monografia /
Pozostałe elementy strefy tytułu i oznaczenia odpowiedzialności Grzegorz Fiedorowicz, Wacław Romaniuk ; Instytut Budownictwa, Mechanizacji i Elektryfikacji Rolnictwa.
260 ## - STREFA ADRESU WYDAWNICZEGO
Miejsce wydania Warszawa :
Nazwa wydawcy/dystrybutora Instytut Budownictwa, Mechanizacji i Elektryfikacji Rolnictwa,
Data publikacji, dystrybucji/powstania dokumentu 2006.
300 ## - STREFA OPISU FIZYCZNEGO
Objętość 202 s. ;
Rozmiary 25 cm.
504 ## - UWAGA DOTYCZĄCA BIBLIOGRAFII
Informacje o bibliografii Bibliogr. s. 183.
650 #9 - HASŁO PRZEDMIOTOWE W FORMIE NAZWY OGÓLNEJ LUB JEDNOSTKOWEJ
Nazwa ogólna lub geograficzna Zootechnika
Określnik ogólny terminologia
655 ## - TERMIN INDEKSOWY - OKREŚLENIE RODZAJU/FORMY DOKUMENTU
Określenie rodzaju/formy dokumentu Słowniki polskie
700 1# - HASŁO DODATKOWE - NAZWA OSOBOWA
Nazwa osobowa Romaniuk, Wacław
856 ## - LOKALIZACJA I DOSTĘP DO ELEKTRONICZNYCH DOKUMENTÓW ZDALNYCH
Link (URL) http://koha.tu.koszalin.pl/cgi-bin/koha/opac-detail.pl?biblionumber=54981
Tekst linku Katalog online BPK
942 ## - DODATKOWE ELEMENTY (KOHA)
Typ dokumentu Książka
Egzemplarze
Wycofany Status egzemplarza Uszkodzony Dostępność Lokalizacja stała Lokalizacja bieżąca Miejsce przechowywania Sygnatura Kod kreskowy Dział Typ dokumentu Ostatnio wypożyczono
      Tylko na miejscu Biblioteka Politechniki Koszalińskiej Biblioteka Politechniki Koszalińskiej Czytelnia BG 87503 02428789 636 Chów i hodowla zwierząt domowych Książka  
      Dostępny Biblioteka Politechniki Koszalińskiej Biblioteka Politechniki Koszalińskiej Wypożyczalnia BG 87504 02428772   Książka 11.10.2014
      Dostępny Biblioteka Politechniki Koszalińskiej Biblioteka Politechniki Koszalińskiej Wypożyczalnia BG 87505 02428765   Książka  
© 2023 Biblioteka Politechniki Koszalińskiej :: KOHA